[Event "GER-chT Laender Seniors 65+"]
[Site "Templin"]
[Date "2018.09.14"]
[Round "5.3"]
[White "Maahs, Erich"]
[Black "Fischer, Gerd"]
[Result "1/2-1/2"]
[WhiteElo "2043"]
[BlackElo "2071"]
[PlyCount "69"]
[EventDate "2018.09.10"]
[EventType "team-swiss"]
[EventRounds "7"]
[EventCountry "GER"]
[SourceTitle "EXT 2020"]
[Source "ChessBase"]
[SourceDate "2019.10.17"]
[SourceVersion "1"]
[SourceVersionDate "2019.10.17"]
[SourceQuality "1"]
[WhiteTeam "Hamburg"]
[BlackTeam "Bayern II"]
[WhiteTeamCountry "GER"]
[BlackTeamCountry "GER"]

1. d4 Nf6 2. Bg5 d5 3. e3 e6 4. Bd3 Nbd7 5. Nf3 h6 6. Bh4 c5 7. c3 Bd6 8. Nbd2 Qc7 9. Bg3 Bxg3 10. hxg3 b6 11. e4 dxe4 12. Nxe4 Bb7 13. Nxf6+ Nxf6 14. Bb5+ Ke7 15. 0-0 a6 16. Be2 Rhd8 17. Qa4 Kf8 18. Rad1 Kg8 19. dxc5 Qxc5 20. Rxd8+ Rxd8 21. Rd1 Rxd1+ 22. Qxd1 e5 23. Qd8+ Kh7 24. Ne1 a5 25. a3 a4 26. Qd3+ Be4 27. Qe3 Qxe3 28. fxe3 Nd7 29. Nf3 f6 30. Nd2 Bd5 31. g4 Kg6 32. Kh2 Kf7 33. Bd3 Ke7 34. e4 Bc6 35. Kg3 1/2-1/2

[Event "GER-chT Seniors 25th"]
[Site "Magdeburg"]
[Date "2016.10.14"]
[Round "6.4"]
[White "Maahs, Erich"]
[Black "Ranker, Klemens"]
[Result "1-0"]
[WhiteElo "2064"]
[BlackElo "1825"]
[PlyCount "45"]
[EventDate "2016.10.09"]
[EventType "team-swiss"]
[EventRounds "7"]
[EventCountry "GER"]
[SourceTitle "EXT 2019"]
[Source "ChessBase"]
[SourceDate "2018.10.10"]
[SourceVersion "1"]
[SourceVersionDate "2018.10.10"]
[SourceQuality "1"]
[WhiteTeam "Hamburg"]
[BlackTeam "Rheinland Pfalz II"]
[WhiteTeamCountry "GER"]
[BlackTeamCountry "GER"]

1. d4 d5 2. Bf4 Nf6 3. e3 g6 4. c4 c6 5. Nc3 Bg7 6. h3 0-0 7. Nf3 Bf5 8. Ne5 dxc4 9. Bxc4 Nfd7 10. Nxf7 Qb6 11. g4 e6 12. gxf5 Qxb2 13. Rc1 Nb6 14. Bxe6 Rxf7 15. Bxf7+ Kxf7 16. fxg6+ hxg6 17. 0-0 N8d7 18. Rc2 Qb4 19. Ne4 Nd5 20. Bd6 Qa4 21. Qd3 Re8 22. Rb1 N7b6 23. Ng5+ 1-0

[Event "GER-chT Seniors 24th"]
[Site "Berlin"]
[Date "2015.09.12"]
[Round "7.3"]
[White "Federau, Juergen"]
[Black "Maahs, Erich"]
[Result "1-0"]
[WhiteElo "2121"]
[BlackElo "2081"]
[PlyCount "105"]
[EventDate "2015.09.06"]
[EventType "team-swiss"]
[EventRounds "7"]
[EventCountry "GER"]
[SourceTitle "EXT 2018"]
[Source "ChessBase"]
[SourceDate "2017.10.13"]
[SourceVersion "1"]
[SourceVersionDate "2017.10.13"]
[SourceQuality "1"]

1. d4 Nf6 2. c4 e6 3. Nc3 Bb4 4. e3 0-0 5. Bd3 c5 6. Nf3 d6 7. 0-0 Nc6 8. Qc2 Bxc3 9. Qxc3 Re8 10. Nd2 e5 11. d5 Ne7 12. e4 Ng6 13. g3 Bh3 14. Re1 Qd7 15. Nf1 h6 16. f3 Nh7 17. Ne3 Ng5 18. Kf2 Ne7 19. Qc2 Nh7 20. Nf5 Bxf5 21. exf5 Nf6 22. g4 b5 23. b3 bxc4 24. bxc4 Rab8 25. Bd2 Kh8 26. Rg1 Neg8 27. Rg3 Nh7 28. Rag1 f6 29. h4 Rb7 30. Kg2 Reb8 31. Bc1 Qe8 32. Kh2 e4 33. fxe4 Qe5 34. Kh3 Rb2 35. Bxb2 Rxb2 36. Qc1 Rxa2 37. R3g2 Ra4 38. Qb2 Qf4 39. Rf1 Qe3+ 40. Rg3 Qd4 41. Qxd4 cxd4 42. Rb1 Nf8 43. Rb7 g5 44. h5 a5 45. Rf7 Nh7 46. Rd7 Ra1 47. Rxd6 a4 48. Ra6 Nf8 49. Ra7 a3 50. Bc2 Nd7 51. Rgxa3 Rc1 52. Rxd7 Rxc2 53. Rc7 1-0

[Event "GER-chT Seniors 24th"]
[Site "Berlin"]
[Date "2015.09.11"]
[Round "6.3"]
[White "Maahs, Erich"]
[Black "Daeubler, Heinrich"]
[Result "0-1"]
[WhiteElo "2081"]
[BlackElo "2165"]
[PlyCount "102"]
[EventDate "2015.09.06"]
[EventType "team-swiss"]
[EventRounds "7"]
[EventCountry "GER"]
[SourceTitle "EXT 2018"]
[Source "ChessBase"]
[SourceDate "2017.10.13"]
[SourceVersion "1"]
[SourceVersionDate "2017.10.13"]
[SourceQuality "1"]
[WhiteTeam "Hamburg Seniors"]
[BlackTeam "Bayern Seniors"]
[WhiteTeamCountry "GER"]
[BlackTeamCountry "GER"]

1. d4 d5 2. Nc3 e6 3. Nf3 Nf6 4. Bg5 Bb4 5. Qd3 Nc6 6. e3 h6 7. Bxf6 Qxf6 8. Be2 Bd7 9. 0-0-0 0-0-0 10. Kb1 Kb8 11. e4 Bxc3 12. bxc3 Qg6 13. e5 Qxd3 14. cxd3 Na5 15. Nd2 Ba4 16. Rdf1 Rc8 17. Kb2 c5 18. dxc5 Rxc5 19. d4 Rc6 20. Ka3 b5 21. Rc1 Rhc8 22. Kb4 Nb7 23. Bxb5 Bxb5 24. Kxb5 Rxc3 25. Rxc3 Rxc3 26. a4 Rc2 27. Rd1 Rb2+ 28. Kc6 Kc8 29. a5 Nxa5+ 30. Kd6 Rxd2 31. Ra1 Nc4+ 32. Ke7 a5 33. f4 Rxg2 34. Kxf7 Kd7 35. Rb1 a4 36. Rb7+ Kc6 37. Ra7 a3 38. Kxe6 Kb6 39. Ra8 Na5 40. Rb8+ Ka7 41. Rb4 a2 42. Ra4 Kb6 43. f5 Kb5 44. Ra3 Kb4 45. Rxa2 Rxa2 46. Kxd5 Rxh2 47. Ke6 Nc4 48. Kf7 Rg2 49. f6 gxf6 50. exf6 h5 51. Ke6 h4 0-1

[Event "GER-chT Seniors 24th"]
[Site "Berlin"]
[Date "2015.09.07"]
[Round "2.4"]
[White "Baumbach, Friedrich"]
[Black "Maahs, Erich"]
[Result "1/2-1/2"]
[WhiteElo "2141"]
[BlackElo "2081"]
[PlyCount "101"]
[EventDate "2015.09.06"]
[EventType "team-swiss"]
[EventRounds "7"]
[EventCountry "GER"]
[SourceTitle "EXT 2018"]
[Source "ChessBase"]
[SourceDate "2017.10.13"]
[SourceVersion "1"]
[SourceVersionDate "2017.10.13"]
[SourceQuality "1"]

1. d4 Nf6 2. c4 e6 3. Nf3 d5 4. Nc3 Bb4 5. cxd5 exd5 6. Bg5 Nbd7 7. e3 0-0 8. Bd3 h6 9. Bh4 c6 10. 0-0 Qa5 11. Qc2 Re8 12. Rfc1 Bxc3 13. Qxc3 Qxc3 14. Rxc3 a5 15. Ra3 Ne4 16. Rc1 Nb6 17. b4 axb4 18. Rxa8 Nxa8 19. Rb1 c5 20. dxc5 Nxc5 21. Be2 Re4 22. Bg3 Bf5 23. Rc1 b6 24. Nd4 Bd7 25. Bf3 Re8 26. Bxd5 Be6 27. Bxe6 fxe6 28. Bd6 e5 29. Nb3 Nd3 30. Rc4 Rd8 31. Be7 Rd7 32. Kf1 Rxe7 33. Rc8+ Kf7 34. Rxa8 Rc7 35. Ke2 Nc1+ 36. Kf3 Nxb3 37. axb3 Rc3 38. Rb8 Rxb3 39. Rxb6 Rb2 40. h4 h5 41. g3 g6 42. Ra6 e4+ 43. Kxe4 Rxf2 44. Rb6 Rb2 45. Ke5 Kg7 46. Rb7+ Kh6 47. e4 Rb1 48. Ke6 g5 49. Rb6 gxh4 50. gxh4 b3 51. Kf5+ 1/2-1/2

[Event "GER-chA Seniors 27th"]
[Site "Magdeburg"]
[Date "2015.08.23"]
[Round "9"]
[White "Krause, Christian"]
[Black "Maahs, Erich"]
[Result "1/2-1/2"]
[WhiteElo "2140"]
[BlackElo "2081"]
[PlyCount "46"]
[EventDate "2015.08.15"]
[EventType "swiss"]
[EventRounds "9"]
[EventCountry "GER"]
[SourceTitle "EXT 2018"]
[Source "ChessBase"]
[SourceDate "2017.10.13"]
[SourceVersion "1"]
[SourceVersionDate "2017.10.13"]
[SourceQuality "1"]

1. g3 d5 2. Bg2 Nf6 3. Nf3 Nc6 4. 0-0 e5 5. d3 Be7 6. c3 0-0 7. Qc2 h6 8. b4 a6 9. a3 Rb8 10. Nbd2 Be6 11. Nb3 Nd7 12. e4 dxe4 13. dxe4 Nb6 14. Be3 Nc4 15. Bc5 b6 16. Rfd1 Qe8 17. Bxe7 Qxe7 18. Nbd2 Rbd8 19. Nxc4 Bxc4 20. Bf1 Qe6 21. Nd2 Bxf1 22. Nxf1 b5 23. Ne3 Ne7 1/2-1/2

[Event "GER-chT Seniors 23rd"]
[Site "Bergen"]
[Date "2014.09.05"]
[Round "6.1"]
[White "Kracht, Helmut"]
[Black "Maahs, Erich"]
[Result "0-1"]
[WhiteElo "1993"]
[BlackElo "2065"]
[PlyCount "58"]
[EventDate "2014.09.01"]
[EventType "team-swiss"]
[EventRounds "7"]
[EventCountry "GER"]
[SourceTitle "EXT 2018"]
[Source "ChessBase"]
[SourceDate "2017.10.13"]
[SourceVersion "1"]
[SourceVersionDate "2017.10.13"]
[SourceQuality "1"]

1. e4 c5 2. Nc3 Nc6 3. Bb5 Nd4 4. Bc4 e6 5. Nge2 a6 6. a4 g6 7. 0-0 Bg7 8. d3 Ne7 9. Ng3 0-0 10. h4 d5 11. Ba2 b5 12. h5 b4 13. Nce2 Nxe2+ 14. Qxe2 Nc6 15. hxg6 fxg6 16. Rb1 Ra7 17. Bd2 Nd4 18. Qd1 Rb7 19. Ne2 dxe4 20. dxe4 Qh4 21. Nxd4 cxd4 22. Qe2 Rbf7 23. Be1 Rf4 24. c3 Rxe4 25. Qd2 Be5 26. g3 Qh3 27. f4 g5 28. Qd3 Rexf4 29. Rxf4 gxf4 0-1

[Event "GER-ch Seniors"]
[Site "Dresden"]
[Date "2012.08.14"]
[Round "6"]
[White "Maahs, Erich"]
[Black "Kalkmann, Hans"]
[Result "1-0"]
[WhiteElo "2065"]
[BlackElo "1976"]
[PlyCount "97"]
[EventDate "2012.08.09"]
[EventType "swiss"]
[EventRounds "9"]
[EventCountry "GER"]
[SourceTitle "EXT 2014"]
[Source "ChessBase"]
[SourceDate "2013.11.20"]
[SourceVersion "1"]
[SourceVersionDate "2013.11.20"]
[SourceQuality "1"]

1. e4 e6 2. d4 d5 3. Nc3 Bb4 4. e5 Qd7 5. a3 Bxc3+ 6. bxc3 b6 7. a4 a5 8. Bb5 c6 9. Bd3 Ba6 10. Ba3 Ne7 11. Qb1 Bxd3 12. cxd3 Qd8 13. Ne2 Nd7 14. 0-0 0-0 15. Bd6 Re8 16. Ng3 Nc8 17. Ba3 Rb8 18. Qd1 f5 19. Qh5 c5 20. Ne2 Qe7 21. Rab1 Na7 22. Rb3 Nc6 23. Rfb1 Qf7 24. Qh4 h6 25. f4 Kh7 26. dxc5 Nxc5 27. Bxc5 bxc5 28. Qf2 Rxb3 29. Rxb3 Qa7 30. Rb5 d4 31. Qf3 Rc8 32. c4 Rc7 33. Nc1 Nd8 34. Nb3 Nb7 35. h4 g6 36. g4 Qa6 37. Kf2 Qa7 38. Kg3 Qa6 39. Kh2 Qa7 40. h5 fxg4 41. hxg6+ Kg7 42. Qxg4 Nd8 43. Qg2 Nb7 44. Qe4 Qa6 45. Kg3 Qa7 46. Kh4 Qb8 47. Kh5 Qc8 48. Rb6 Qd7 49. Rxb7 1-0

[Event "Hamburg St Pauli op-A"]
[Site "Hamburg"]
[Date "2011.07.12"]
[Round "5"]
[White "Maahs, Erich"]
[Black "Freter, Anke"]
[Result "1-0"]
[WhiteElo "2098"]
[BlackElo "1936"]
[PlyCount "73"]
[EventDate "2011.07.09"]
[EventType "swiss"]
[EventRounds "9"]
[EventCountry "GER"]
[SourceTitle "CBM 143 Extra"]
[Source "ChessBase"]
[SourceDate "2011.08.29"]
[SourceVersion "1"]
[SourceVersionDate "2011.08.29"]
[SourceQuality "1"]

1. e4 c5 2. Nf3 Nc6 3. d4 cxd4 4. Nxd4 Nf6 5. Nc3 e5 6. Nxc6 bxc6 7. Bd3 Bb4 8. Bd2 0-0 9. 0-0 d5 10. Qe1 d4 11. Ne2 Bxd2 12. Qxd2 c5 13. b3 a5 14. h3 Qc7 15. Ng3 Ba6 16. f4 c4 17. bxc4 Rac8 18. Nf5 g6 19. fxe5 Qxe5 20. Qh6 Nh5 21. Rf3 Bxc4 22. Qg5 Kh8 23. Qh4 Bxd3 24. cxd3 Rc5 25. Raf1 f6 26. Nh6 Qg5 27. Qxg5 Rxg5 28. Ng4 Kg7 29. Rc1 Rf7 30. Rc4 Rd7 31. Nf2 Rb5 32. g4 Rb2 33. a4 f5 34. gxh5 fxe4 35. Nxe4 gxh5 36. h4 Ra2 37. Nf2 1-0

[Event "Berlin Lichtenrade op 06th"]
[Site "Berlin"]
[Date "2010.10.18"]
[Round "3"]
[White "Stern, Rene"]
[Black "Maahs, Erich"]
[Result "1-0"]
[WhiteElo "2506"]
[BlackElo "2124"]
[PlyCount "119"]
[EventDate "2010.10.16"]
[EventType "swiss"]
[EventRounds "9"]
[EventCountry "GER"]
[SourceTitle "CBM 138 Extra"]
[Source "ChessBase"]
[SourceDate "2010.10.29"]
[SourceVersion "1"]
[SourceVersionDate "2010.10.29"]
[SourceQuality "1"]

1. d4 Nf6 2. c4 e6 3. Nc3 b6 4. a3 Bb7 5. d5 exd5 6. cxd5 Be7 7. g3 0-0 8. Bg2 d6 9. Nf3 a5 10. Nd4 Re8 11. 0-0 Nbd7 12. b3 Bf8 13. Bb2 Nc5 14. Rc1 Qd7 15. Qc2 Be7 16. Rfd1 Bd8 17. h3 g6 18. e3 Qe7 19. Kh2 Qf8 20. b4 axb4 21. axb4 Na6 22. Qb3 Qh6 23. Nc6 Ng4+ 24. Kg1 Nxf2 25. Kxf2 Qxe3+ 26. Kf1 Bxc6 27. dxc6 Re5 28. Rd5 Rxd5 29. Bxd5 Qxg3 30. Ne4 Qxb3 31. Bxb3 Nxb4 32. Nxd6 Bg5 33. Ra1 Rxa1+ 34. Bxa1 Nxc6 35. Nxf7 Na5 36. Ba2 Be3 37. Ng5+ Kf8 38. Ne6+ Ke7 39. Nxc7 Bc5 40. Nd5+ Kf8 41. Nf6 h6 42. Bd5 g5 43. Be5 Be3 44. Ke2 Bg1 45. Kd3 b5 46. Bc3 Nc4 47. Bxc4 bxc4+ 48. Ke4 Kf7 49. Kf5 Bc5 50. Ng4 Bf8 51. Ne5+ Kg8 52. Nxc4 Kh7 53. Nb6 Ba3 54. Nd7 Bc1 55. Kf6 h5 56. Kf7 Ba3 57. Nf6+ Kh6 58. Ng8+ Kh7 59. Bg7 Be7 60. Nxe7 1-0

[Event "Hamburg St Pauli op-A"]
[Site "Hamburg"]
[Date "2010.07.11"]
[Round "2"]
[White "Maahs, Erich"]
[Black "Rosmann, Ilja"]
[Result "1-0"]
[WhiteElo "2141"]
[BlackElo "2329"]
[PlyCount "71"]
[EventDate "2010.07.10"]
[EventType "swiss"]
[EventRounds "9"]
[EventCountry "GER"]
[SourceTitle "EXT 2013"]
[Source "ChessBase"]
[SourceDate "2012.11.22"]
[SourceVersion "1"]
[SourceVersionDate "2012.11.22"]
[SourceQuality "1"]

1. e4 e6 2. Qe2 c5 3. g3 Nc6 4. Nf3 Nge7 5. Bg2 d5 6. d3 dxe4 7. dxe4 Qa5+ 8. Nbd2 b6 9. 0-0 Ba6 10. Nc4 Rd8 11. c3 Qa4 12. b3 Bxc4 13. bxc4 Na5 14. Bg5 f6 15. Be3 Qxc4 16. Qc2 e5 17. Rfd1 Rxd1+ 18. Rxd1 Qe6 19. Bf1 Nec6 20. Nh4 g6 21. f4 exf4 22. gxf4 Bh6 23. Qg2 0-0 24. Nf5 Bg7 25. Rd6 Qf7 26. Nxg7 Kxg7 27. Bb5 Ne7 28. Qe2 Rc8 29. Bf2 Rc7 30. Bh4 Ng8 31. e5 Re7 32. e6 Qf8 33. Qd3 Nb7 34. Rd7 c4 35. Qd5 Nc5 36. Rd8 1-0

[Event "Bargteheide op"]
[Site "Bargteheide"]
[Date "2010.05.14"]
[Round "3"]
[White "Jugelt, Tobias"]
[Black "Maahs, Erich"]
[Result "1-0"]
[WhiteElo "2424"]
[BlackElo "2141"]
[PlyCount "51"]
[EventDate "2010.05.13"]
[EventType "swiss"]
[EventRounds "7"]
[EventCountry "GER"]
[SourceTitle "CBM 136 Extra"]
[Source "ChessBase"]
[SourceDate "2010.07.02"]
[SourceVersion "2"]
[SourceVersionDate "2010.07.15"]
[SourceQuality "1"]

1. c4 e5 2. g3 c5 3. Bg2 Nc6 4. Nc3 g6 5. Nf3 Bg7 6. 0-0 Nge7 7. Ne1 d6 8. Nc2 Be6 9. Ne3 0-0 10. Ned5 Rb8 11. d3 a6 12. Bd2 b5 13. Qc1 b4 14. Nd1 Nxd5 15. cxd5 Nd4 16. Re1 Bg4 17. f3 Bd7 18. e3 Nf5 19. b3 e4 20. dxe4 Bxa1 21. Qxa1 Ng7 22. Nf2 a5 23. e5 dxe5 24. Qxe5 Nf5 25. Ne4 Qb6 26. Nf6+ 1-0

[Event "Hamburg-ch Seniors op 16th"]
[Site "Hamburg"]
[Date "2009.11.04"]
[Round "5"]
[White "Maahs, Erich"]
[Black "Ristic, Sreten"]
[Result "1-0"]
[WhiteElo "2049"]
[BlackElo "1800"]
[PlyCount "60"]
[EventDate "2009.10.31"]
[EventType "swiss"]
[EventRounds "9"]
[EventCountry "GER"]
[SourceTitle "EXT 2022"]
[Source "ChessBase"]
[SourceDate "2021.10.06"]
[SourceVersion "1"]
[SourceVersionDate "2021.10.06"]
[SourceQuality "1"]

1. e4 e5 2. Nc3 Nc6 3. Bc4 Nf6 4. d3 Be7 5. f4 d6 6. Nf3 Bg4 7. 0-0 0-0 8. Kh1 exf4 9. Bxf4 Ne5 10. Bxe5 dxe5 11. Qe1 Bxf3 12. Rxf3 c6 13. Qg3 Qd6 14. Rf5 Nd7 15. Raf1 Bf6 16. Nd1 g6 17. Ne3 Kh8 18. R5f3 h5 19. Qf2 b5 20. Bb3 Bg5 21. Bxf7 Bf4 22. Bb3 a5 23. a3 Qd4 24. Nd1 Bh6 25. Qg3 Qd6 26. Bf7 Kh7 27. Rf6 Rxf7 28. Qxg6+ Kh8 29. Qxh6+ Kg8 30. Qg6+ Rg7 1-0

[Event "Hamburg-ch Seniors op 16th"]
[Site "Hamburg"]
[Date "2009.11.03"]
[Round "4"]
[White "Putzbach, Gerd"]
[Black "Maahs, Erich"]
[Result "1-0"]
[WhiteElo "2168"]
[BlackElo "2049"]
[PlyCount "118"]
[EventDate "2009.10.31"]
[EventType "swiss"]
[EventRounds "9"]
[EventCountry "GER"]
[SourceTitle "EXT 2022"]
[Source "ChessBase"]
[SourceDate "2021.10.06"]
[SourceVersion "1"]
[SourceVersionDate "2021.10.06"]
[SourceQuality "1"]

1. e4 e5 2. Nf3 Nf6 3. Nxe5 d6 4. Nf3 Nxe4 5. d4 d5 6. Bd3 Bd6 7. 0-0 0-0 8. c4 c6 9. Nc3 Nf6 10. Bg5 dxc4 11. Bxc4 Bg4 12. h3 Bxf3 13. Qxf3 Nbd7 14. Ne4 Be7 15. Ng3 Nd5 16. Bxe7 Nxe7 17. Rfe1 Nf6 18. Rad1 Qd7 19. Ne4 Nxe4 20. Qxe4 Rae8 21. Qg4 Qxg4 22. hxg4 Nc8 23. Re5 Rd8 24. b4 a6 25. d5 Rd7 26. Bb3 Ne7 27. dxc6 Rxd1+ 28. Bxd1 Nxc6 29. Re4 Rd8 30. Bf3 Kf8 31. Rc4 Rd6 32. a4 Ke7 33. Kf1 h6 34. Bxc6 Rxc6 35. Rxc6 bxc6 36. Ke2 Kd6 37. Kd3 Kd5 38. g3 c5 39. Kc3 g6 40. b5 axb5 41. axb5 f6 42. f3 h5 43. gxh5 gxh5 44. f4 f5 45. Kb3 c4+ 46. Kb4 Kd4 47. b6 c3 48. b7 c2 49. b8Q c1Q 50. Qe5+ Kd3 51. Qxf5+ Kd2 52. Qd5+ Ke3 53. Qe5+ Kf3 54. f5 Kg4 55. f6 Qb1+ 56. Kc5 Qc2+ 57. Kd6 Qd3+ 58. Ke7 Qa3+ 59. Kf7 Qxg3 1-0